[Event "EU Union-ch U10"]
[Site "Kouty nad Desnou"]
[Date "2018.08.15"]
[Round "9"]
[White "Klonov, Jakov"]
[Black "Holestiakova, Nina"]
[Result "1/2-1/2"]
[WhiteElo "1262"]
[BlackElo "1100"]
[PlyCount "45"]
[EventDate "2018.08.07"]
[EventType "swiss"]
[EventRounds "9"]
[EventCountry "CZE"]
[SourceTitle "CBM 186 Extra"]
[Source "ChessBase"]
[SourceDate "2018.08.24"]
[SourceVersion "1"]
[SourceVersionDate "2018.08.24"]
[SourceQuality "1"]

1. e4 e5 2. Nf3 Nc6 3. d4 exd4 4. Nxd4 Qf6 5. Nxc6 Qxc6 6. Bd3 d6 7. Qe2 a6 8. Bf4 Be6 9. Nc3 Nf6 10. 0-0 Be7 11. e5 dxe5 12. Bxe5 0-0-0 13. Ne4 Rhg8 14. Ng5 h6 15. Nxe6 fxe6 16. Bc4 Rge8 17. Bf4 Bc5 18. c3 g5 19. Be5 Nd5 20. Bxd5 exd5 21. Qg4+ Qe6 22. Qxe6+ Rxe6 23. Bd4 1/2-1/2

[Event "EU Union-ch U10"]
[Site "Kouty nad Desnou"]
[Date "2018.08.13"]
[Round "7"]
[White "Keck, Johannes"]
[Black "Klonov, Jakov"]
[Result "1-0"]
[WhiteElo "1243"]
[BlackElo "1262"]
[PlyCount "81"]
[EventDate "2018.08.07"]
[EventType "swiss"]
[EventRounds "9"]
[EventCountry "CZE"]
[SourceTitle "CBM 186 Extra"]
[Source "ChessBase"]
[SourceDate "2018.08.24"]
[SourceVersion "1"]
[SourceVersionDate "2018.08.24"]
[SourceQuality "1"]

1. e4 c5 2. Nf3 Nc6 3. d4 cxd4 4. Nxd4 g6 5. Nc3 Bg7 6. Be3 Nf6 7. Bc4 Qa5 8. 0-0 0-0 9. Bb3 d6 10. h3 Bd7 11. Nf3 Rfe8 12. Ng5 Rf8 13. f4 h6 14. Nf3 Rfc8 15. Qe2 Nh5 16. Qd2 Nf6 17. Rad1 a6 18. Qf2 Qd8 19. Qd2 Qa5 20. Qf2 Qd8 21. Rd2 b5 22. Bb6 Qe8 23. a3 Nh5 24. Be3 Bxc3 25. bxc3 Na5 26. Rd3 Nf6 27. e5 Ne4 28. Qe1 Bf5 29. g4 Bd7 30. Ba2 Nc4 31. Bxc4 bxc4 32. Rd4 Bc6 33. exd6 Nxd6 34. Qh4 Bxf3 35. Rxf3 Kh7 36. f5 Qf8 37. fxg6+ Kxg6 38. Rxd6+ exd6 39. Rf6+ Kh7 40. Rxh6+ Kg7 41. Qg5# 1-0

[Event "GER-chT U14"]
[Site "Verden an der Aller"]
[Date "2017.12.30"]
[Round "7.4"]
[White "Zamhoefer, Luca"]
[Black "Klonov, Jakov"]
[Result "1/2-1/2"]
[WhiteElo "1488"]
[BlackElo "1158"]
[PlyCount "107"]
[EventDate "2017.12.26"]
[EventType "team-swiss"]
[EventRounds "7"]
[EventCountry "GER"]
[SourceTitle "CBM 182 Extra"]
[Source "ChessBase"]
[SourceDate "2018.02.23"]
[SourceVersion "1"]
[SourceVersionDate "2018.02.23"]
[SourceQuality "1"]
[WhiteTeam "Essen Katernberg"]
[BlackTeam "Muenchen Suedost"]
[WhiteTeamCountry "GER"]
[BlackTeamCountry "GER"]

1. e4 c5 2. c3 Nf6 3. e5 Nd5 4. d4 cxd4 5. Nf3 Nc6 6. cxd4 d6 7. Bc4 e6 8. 0-0 Be7 9. Re1 0-0 10. Bxd5 exd5 11. Nc3 dxe5 12. Nxe5 Nxe5 13. Rxe5 Be6 14. Re1 Bf6 15. Bf4 Qb6 16. Be5 Bxe5 17. Rxe5 Qxb2 18. Nxd5 Bxd5 19. Rxd5 Rac8 20. Rc5 Rfd8 21. Rxc8 Rxc8 22. Rb1 Qxa2 23. Rxb7 h6 24. Qb1 Qd2 25. Rb8 Rxb8 26. Qxb8+ Kh7 27. Qb1+ g6 28. Qa1 a5 29. h3 Kg8 30. Kf1 Kf8 31. g3 Ke7 32. Qa3+ Ke6 33. Qb3+ Kf6 34. Qf3+ Kg7 35. Qe4 Qd1+ 36. Kg2 a4 37. Qe5+ Kh7 38. Qc5 Qb3 39. d5 a3 40. d6 Qb7+ 41. Kh2 a2 42. Qa3 Qb1 43. d7 a1Q 44. Qxa1 Qxa1 45. d8Q Qf1 46. Qf6 Qc4 47. h4 Qe6 48. Qxe6 fxe6 49. g4 Kg7 50. Kg3 Kf6 51. Kf4 e5+ 52. Ke4 Ke6 53. g5 hxg5 54. hxg5 1/2-1/2

[Event "GER-chT U14"]
[Site "Verden an der Aller"]
[Date "2017.12.27"]
[Round "1.4"]
[White "Klonov, Jakov"]
[Black "Goldbeck, Kilian"]
[Result "0-1"]
[WhiteElo "1158"]
[BlackElo "1292"]
[PlyCount "130"]
[EventDate "2017.12.26"]
[EventType "team-swiss"]
[EventRounds "7"]
[EventCountry "GER"]
[SourceTitle "CBM 182 Extra"]
[Source "ChessBase"]
[SourceDate "2018.02.23"]
[SourceVersion "1"]
[SourceVersionDate "2018.02.23"]
[SourceQuality "1"]
[WhiteTeam "Muenchen Suedost"]
[BlackTeam "Aurich"]
[WhiteTeamCountry "GER"]
[BlackTeamCountry "GER"]

1. e4 e6 2. d4 d5 3. Nd2 c5 4. c3 cxd4 5. cxd4 dxe4 6. Nxe4 Bb4+ 7. Nc3 Nf6 8. Nf3 Nc6 9. a3 Be7 10. Bc4 0-0 11. 0-0 b6 12. d5 exd5 13. Nxd5 Bb7 14. Nxe7+ Nxe7 15. Qxd8 Raxd8 16. Nd2 Rfe8 17. b3 Ne4 18. Nxe4 Bxe4 19. Re1 Bd5 20. Bb5 Bc6 21. Bxc6 Nxc6 22. Be3 Ne5 23. Rad1 Rxd1 24. Rxd1 Rc8 25. Rc1 Rxc1+ 26. Bxc1 Nd3 27. Bd2 Kf8 28. Kf1 Ke7 29. Ke2 Ne5 30. h3 Ke6 31. Ke3 Kd5 32. Bc3 g6 33. f4 Nd7 34. Bd4 f5 35. g3 Nf8 36. Be5 a6 37. Bc7 Nd7 38. Be5 Nxe5 39. fxe5 Kxe5 40. h4 h6 41. b4 b5 42. Kd3 g5 43. h5 f4 44. gxf4+ gxf4 45. Ke2 Ke4 46. Kf2 f3 47. Kf1 Kf5 48. Kf2 Kg4 49. Kf1 Kxh5 50. Kf2 Kg4 51. Kf1 h5 52. Kf2 h4 53. Kg1 Kg3 54. Kf1 f2 55. Ke2 Kg2 56. Ke3 f1Q 57. Ke4 Qc4+ 58. Ke5 Kf3 59. Kd6 Ke4 60. Kd7 Kd5 61. Ke7 Qc6 62. Kf7 Ke5 63. Ke7 Qc7+ 64. Ke8 Ke6 65. Kf8 Qf7# 0-1

[Event "EU Union-ch U08"]
[Site "Kouty nad Desnou"]
[Date "2016.08.07"]
[Round "2"]
[White "Klonov, Jakov"]
[Black "Horvath, Barnabas"]
[Result "1-0"]
[WhiteElo "1232"]
[BlackElo "1182"]
[PlyCount "95"]
[EventDate "2016.08.06"]
[EventType "swiss"]
[EventRounds "9"]
[EventCountry "CZE"]
[SourceTitle "CBM 174 Extra"]
[Source "ChessBase"]
[SourceDate "2016.10.10"]
[SourceVersion "1"]
[SourceVersionDate "2016.10.10"]
[SourceQuality "1"]

1. e4 Nf6 2. e5 Nd5 3. Bc4 Nb6 4. Bb3 c5 5. d3 Nc6 6. Nf3 a5 7. a4 e6 8. Be3 Qc7 9. Bf4 Be7 10. 0-0 0-0 11. Nc3 Nd4 12. Nxd4 cxd4 13. Nb5 Qc5 14. Qg4 Re8 15. Bg3 Kh8 16. Qxd4 Qxd4 17. Nxd4 Bc5 18. Nb5 Rb8 19. d4 Bf8 20. Nc7 Rd8 21. Bh4 Be7 22. Bxe7 Rg8 23. Bd6 Na8 24. Nb5 Nc7 25. Nxc7 b6 26. Nxe6 Rb7 27. Ng5 h6 28. Nxf7+ Kh7 29. Bd5 Ra7 30. Bb8 Ra6 31. Nd6 Rf8 32. Ra3 Kg6 33. Rg3+ Kh7 34. Be4+ Kg8 35. Nf5 Kh8 36. Nxg7 Rf7 37. Nf5 d5 38. Bxd5 Rxf5 39. Rg8+ Kh7 40. Rxc8 Rf4 41. Bb7 Rxd4 42. Bxa6 Rxa4 43. Rc6 Re4 44. Rd1 Rg4 45. Rd7+ Rg7 46. Bd3+ Kh8 47. Rc8+ Rg8 48. Rh7# 1-0

[Event "GER-ch U10"]
[Site "Willingen"]
[Date "2016.05.20"]
[Round "9.13"]
[White "Klonov, Jakov"]
[Black "Kodalle, Dominik"]
[Result "1-0"]
[WhiteElo "1333"]
[BlackElo "1399"]
[PlyCount "131"]
[EventDate "2016.05.15"]
[EventType "swiss"]
[EventRounds "11"]
[EventCountry "GER"]
[SourceTitle "CBM 172 Extra"]
[Source "ChessBase"]
[SourceDate "2016.06.21"]
[SourceVersion "1"]
[SourceVersionDate "2016.06.21"]
[SourceQuality "1"]

1. e4 c5 2. c3 e6 3. d4 d5 4. Nd2 Nc6 5. Ngf3 Qb6 6. Bd3 Bd7 7. 0-0 cxd4 8. cxd4 Nxd4 9. Nxd4 Qxd4 10. Nb3 Qe5 11. Nd2 Nf6 12. Nf3 Qc7 13. exd5 Nxd5 14. Re1 Bd6 15. Bxh7 Rxh7 16. Qxd5 Bxh2+ 17. Kf1 a6 18. a4 Rd8 19. Qg5 Qc4+ 20. Re2 Bxa4 21. Bd2 Bb5 22. Rae1 Qc6 23. Nxh2 Rxh2 24. Kg1 Bxe2 25. Kxh2 Bd3 26. Qxg7 Bg6 27. Bg5 Qd6+ 28. g3 Rc8 29. Qf6 Kd7 30. Re2 Rc5 31. Rd2 Rd5 32. Qd8+ Kc6 33. Qc8+ Kb5 34. Qxb7+ Ka4 35. b3+ Ka3 36. Be7 Rxd2 37. Bxd6+ Rxd6 38. Qe7 Kxb3 39. Qxd6 a5 40. Qb6+ Ka4 41. Kg1 Bd3 42. Qd4+ Ka3 43. Qxd3+ Ka4 44. Qd4+ Ka3 45. Qa1+ Kb4 46. Kf1 a4 47. Ke2 a3 48. Kd2 Kb3 49. Kc1 f5 50. Qb1+ Kc3 51. Qc2+ Kb4 52. Kb1 e5 53. Ka2 e4 54. Qb3+ Kc5 55. Qxa3+ Kd4 56. Qe3+ Kc4 57. Qf4 Kd3 58. Qxf5 Ke2 59. Qxe4+ Kxf2 60. Kb2 Kxg3 61. Kc2 Kf2 62. Kd2 Kf1 63. Qe2+ Kg1 64. Ke3 Kh1 65. Kf3 Kg1 66. Qg2# 1-0

[Event "GER-ch U10"]
[Site "Willingen"]
[Date "2016.05.18"]
[Round "7.10"]
[White "Klonov, Jakov"]
[Black "Toval, David"]
[Result "0-1"]
[WhiteElo "1333"]
[BlackElo "1402"]
[PlyCount "78"]
[EventDate "2016.05.15"]
[EventType "swiss"]
[EventRounds "11"]
[EventCountry "GER"]
[SourceTitle "CBM 172 Extra"]
[Source "ChessBase"]
[SourceDate "2016.06.21"]
[SourceVersion "1"]
[SourceVersionDate "2016.06.21"]
[SourceQuality "1"]

1. e4 c5 2. c3 Nf6 3. e5 Nd5 4. d4 cxd4 5. cxd4 Nc6 6. Bc4 Nb6 7. Bb5 a6 8. Be2 d6 9. exd6 Qxd6 10. Nf3 Bg4 11. Be3 e6 12. Nc3 Be7 13. a3 0-0 14. Qd2 Rfd8 15. Rd1 Qc7 16. 0-0 Bd6 17. h3 Bh5 18. Qc2 Bg6 19. Qd2 Rac8 20. Rc1 Qe7 21. Rfd1 Na5 22. Qe1 Nb3 23. d5 Nxc1 24. Bxb6 Nxe2+ 25. Qxe2 Re8 26. Qd2 exd5 27. Nxd5 Qe6 28. Re1 Qd7 29. Nc3 Rxe1+ 30. Qxe1 Re8 31. Qd2 Bh5 32. Bc5 Bxf3 33. gxf3 Bh2+ 34. Kxh2 Qxd2 35. Kg2 Qg5+ 36. Kf1 Qxc5 37. Kg1 Re1+ 38. Kg2 Qg5+ 39. Kh2 Qg1# 0-1

[Event "GER-ch U10"]
[Site "Willingen"]
[Date "2016.05.15"]
[Round "1.1"]
[White "Klonov, Jakov"]
[Black "Wagner, Leopold Franziskus"]
[Result "0-1"]
[WhiteElo "1333"]
[BlackElo "1886"]
[PlyCount "106"]
[EventDate "2016.05.15"]
[EventType "swiss"]
[EventRounds "11"]
[EventCountry "GER"]
[SourceTitle "CBM 172 Extra"]
[Source "ChessBase"]
[SourceDate "2016.06.21"]
[SourceVersion "1"]
[SourceVersionDate "2016.06.21"]
[SourceQuality "1"]

1. e4 e5 2. Nf3 Nc6 3. Bc4 Be7 4. d4 exd4 5. Nxd4 d6 6. Nc3 Nf6 7. 0-0 0-0 8. Bg5 h6 9. Bxf6 Bxf6 10. Nce2 Qe7 11. Bd5 Nxd4 12. Nxd4 c6 13. Bb3 Qxe4 14. c3 Bxd4 15. cxd4 Qg4 16. Qd3 Bf5 17. Qd2 d5 18. Rae1 Rae8 19. Re3 Rxe3 20. Qxe3 Qe4 21. Re1 Re8 22. Bd1 Qxe3 23. Rxe3 Rxe3 24. fxe3 Be4 25. Bg4 f5 26. Bh5 Kf8 27. Kf2 b6 28. g4 Ke7 29. Kg3 fxg4 30. Bxg4 c5 31. dxc5 bxc5 32. Kf2 Kf6 33. Ke2 Kg5 34. Bd7 Kf6 35. a3 Ke5 36. Bc8 a5 37. Bh3 d4 38. exd4+ Kxd4 39. Kd2 c4 40. Bg4 g6 41. Bh3 h5 42. Be6 g5 43. h3 Bf3 44. Bf7 h4 45. Bg6 Be4 46. Bh5 Bf5 47. Bg4 Bxg4 48. hxg4 h3 49. Ke2 h2 50. Kf2 h1Q 51. Ke2 Qg2+ 52. Kd1 Kd3 53. Ke1 Qg1# 0-1